000 00476nam a2200169Ia 4500
008 230718s9999 xx 000 0 und d
020 _a9788121925372
041 _aeng
082 _a621.815
_bKHU
100 _aKhurmi R.S.
_9141538
245 _aTextbook Of Machine Design
260 _c2014
_bS. Chand & Company
300 _a1230
365 _cRs.
_b850.00
700 _aKhurmi R.S. & Gupta J.K.
_9184777
906 _dO:0463811-Sep-2015B:SE/SI/213227-Aug-2015
_cMECH
_b935
999 _c340335
_d340335